Tiempo y expresión literaria
Guardado en:
| Hovedforfatter: | |
|---|---|
| Format: | Bog |
| Sprog: | Undetermined |
| Udgivet: |
Buenos Aires, Argentina
Nova
1967
|
| Fag: | |
| Tags: |
Tilføj Tag
Ingen Tags, Vær først til at tagge denne postø!
|
MARC
| LEADER | 00000nam a2200000Ia 4500 | ||
|---|---|---|---|
| 008 | 170316s9999 xx 000 0 und d | ||
| 090 | |a 801 C-16t | ||
| 100 | |a Castagnino, Raúl H. | ||
| 245 | |a Tiempo y expresión literaria | ||
| 260 | |a Buenos Aires, Argentina | ||
| 260 | |b Nova | ||
| 260 | |c 1967 | ||
| 300 | |a 114 páginas | ||
| 650 | |a TEORÍA LITERARIA | ||
| 650 | |a LITERATURA | ||
| 650 | |a ANÁLISIS LITERARIO | ||
| 650 | |a TEATRO | ||
| 650 | |a DUNNE JOHN W. | ||
| 999 | |c 20165 |d 20165 | ||
| 040 | |a cru BVZT | ||
| 942 | |c 15 D |h 801 C-16t |2 z | ||
